00805nam a2200205Ia 4500008004100000020001500041041001200056082001600068100001900084245005200103250001300155260003700168300000800205650001900213700001700232942000700249999001500256952016100271952016700432221030s9999 xx 000 0 und d a8125901884 aEnglish a105.23bZam aQ. Zameeruddin 0aSolid Geometrycby Q. Zameeruddin, V. K. Khanna a2nd Rev. bVikas Pub HouseaNew Delhic1997 a479 aBE Mathematics aV. K. Khanna cBK c6893d6893 pBE 2572g110.00l0o105.23 Zamr2024-06-13 00:00:00w2022-10-30yBK003Print4071aMIETLIBbMIETLIBcBL-Second, FL-1, CUP-17, SH-3, R-3d2001-10-1510HBE pBE 2573g110.00l0o105.23 r2024-06-13 00:00:00w2022-10-30yBK003Print4070aMIETLIBbMIETLIBcBL-Academic Block C, FL-2, CUP-6, SH-2, R-2d2001-02-1010HBE